brickleberry quiz - Statistics

General Stats
  • This quiz has been taken 396 times
  • The average score is 9 of 16
Answer Stats
Hint Answer % Correct
Head boss woody
96%
Lesbian connie
93%
Talking bear malloy
92%
Ranger of the month steve
92%
Kills malloys parents steve
92%
animal lover ethel
84%
likes old women denzel
82%
firecracker jim
76%
lives in a trailer park bobby
59%
Doctor Kuzniak
46%
connie gives birth to anti christ
43%
firecracker jim doesn't have limbs
34%
Woody's signture move rex rocket
27%
Big bear Flamey
19%
friend of the above bodine
10%
Strip club owner Jorhay
2%
No matching quizzes found
Score Distribution
Percent of People with Each Score
Percentile by Number Answered
Your Score History
You have not taken this quiz